Riconosci lo Stato - Quiz n°96 - Statistics

Statistiche generali
  • Questo quiz è stato fatto 26 volte
  • Il punteggio medio è 11 su 13
Statistiche sulle risposte
Indizio Risposta % Corretto
Indipendenza 1946
100%
Valuta Lira
100%
Superficie 185 180 km²
90%
Popolazione 22 933 53] ab.
86%
Iniziale della Capitale D
86%
Fuso Orario UTC+2
86%
PIL (nominale) 21 450 milioni di $
81%
Presidente della Repubblica Baššār al-Asad
81%
Primo ministro Hussein Arnous
81%
Forma di Governo Repubblica semipresidenziale socialista araba monopartitica basata sui principi del ba'thismo
81%
ISU 0,577
76%
Tasso di crescita 6,39%
76%
Risposta Siria
76%
Nessun quiz corrispondente trovato
Distribuzione punteggi
Percentuale di utenti per punteggio
Percentile per numero di risposta
I tuoi punteggi nel tempo
Non hai fatto questo quiz